Quiz o Polsce i innych krajach Europy (Prawda/Fałsz) - Statystyki

Ogólne statystyki
  • Ten quiz został rozwiązany 231 razy
  • Średni wynik to 11 z 20
Statystyki odpowiedzi
Zagadnienie Odpowiedź % Poprawnych
Polska ma większą powierzchnie od Finlandii. Fałsz
100%
Średnia długość życia w Polsce jest dłuższa niż na Litwie. Prawda
100%
Polska ma więcej mieszkańców od Ukrainy. Fałsz
88%
Polskę odwiedza więcej turystów niż Grecję. Fałsz
88%
Średni wiek brania ślubu przez mężczyznę w Polsce jest niższy od średniego wieku brania ślubu przez Duńczyka. Prawda
88%
Polska posiada więcej obiektów światowego dziedzictwa UNESCO niż Austria. Prawda
63%
Najwyższy szczyt w Polsce jest wyższy od najwyższego szczytu w Islandii Prawda
63%
Największy powiat w Polsce (powiat białostocki) jest większy od Luksemburgu. Prawda
63%
Granica polsko-czeska jest dłuższa od granicy belgijsko-francuskiej. Prawda
50%
Największy Port Polski (Port morski Gdańsk) przewozi więcej tysięcy ton towaru od największego portu w Łotwie (Port Ryga). Prawda
50%
Linia brzegowa Polski jest dłuższa od linii brzegowej Albanii. Prawda
50%
Liczba Województw w Polsce jest większa, od liczby Krajów związkowych Niemiec (Landów). Fałsz
38%
Polska drużyna w piłce nożnej jest wyżej w rankingu FIFA od drużyny piłkarskiej Niderlandów (Holandii) [Brane są statystyki z Lutego 2020r] Fałsz
38%
PKB w Polsce na osobę jest większe od PKB na osobę w Słowacji. Fałsz
38%
Polska ma większą gęstość zaludnienia od Hiszpanii. Prawda
38%
Metro w Warszawie jest dłuższe od Metra w Neapolu. Prawda
38%
Stolica Polski ma więcej mieszkańców od stolicy Białorusi. Fałsz
25%
Liczba Polaków żyjących w Irlandii jest większa od liczby ludności Rzeszowa. Fałsz
25%
Powierzchnia największego Jeziora w Polsce jest większa od powierzchni największego jeziora na Węgrzech. Fałsz
25%
Polska ma większy przyrost naturalny od Portugalii. Prawda
25%
Nie znaleziono quizów pasujących do podanych kryteriów
Rozkład punktacji
Procent ludzi z każdym wynikiem
Percentyl według liczby udzielonych odpowiedzi
Twoja historia wyników
Nie rozwiązałeś tego quizu